Hoarders, Doomsday preppers, and the culture of apocalypse /

Bibliographic Details
Main Author: Foster, Gwendolyn Audrey (Author)
Format: Book
Language:English
Published: New York : Palgrave Macmillan, 2014.
Edition:First edition.
Series:Palgrave pivot.
Subjects:

MARC

Tag First Indicator Second Indicator Subfields
LEADER 00000cam a2200000 i 4500
001 in00003475111
005 20151206104042.0
008 140723s2014 nyu b 001 0 eng
010 |a  2014022461 
020 |a 9781137469403 
020 |a 1137469404 
035 |a (OCoLC)ocn884570813 
040 |a DLC  |e rda  |c DLC  |d UtOrBLW 
043 |a n-us--- 
049 |a TXAM 
050 0 0 |a PN1992.8.R43  |b F67 2014 
082 0 0 |a 791.45/655  |2 23 
100 1 |a Foster, Gwendolyn Audrey,  |e author. 
245 1 0 |a Hoarders, Doomsday preppers, and the culture of apocalypse /  |c Gwendolyn Audrey Foster. 
250 |a First edition. 
264 1 |a New York :  |b Palgrave Macmillan,  |c 2014. 
300 |a vi, 78 pages ;  |c 23 cm. 
336 |a text  |b txt  |2 rdacontent 
337 |a unmediated  |b n  |2 rdamedia 
338 |a volume  |b nc  |2 rdacarrier 
490 1 |a Palgrave pivot 
504 |a Includes bibliographical references (pages 70-73) and index. 
650 0 |a Reality television programs  |z United States. 
650 0 |a Television broadcasting  |x Social aspects  |z United States. 
650 0 |a Social prediction  |z United States. 
630 0 0 |a Hoarders (Television program) 
630 0 0 |a Doomsday preppers (Television program) 
830 0 |a Palgrave pivot. 
945 |a PromptCat  |b 871565 
946 |a stk 
947 |a A14840384425 
948 |a cataloged  |b h  |c 2014/9/12  |d c  |e dmitchel  |f 3:20:10 pm 
994 |a 92  |b TXA 
999 |a MARS 
999 f f |s f8d2e2b1-07d9-32ec-80ee-01fccf5c8fda  |i 6b656bc3-824a-38eb-9ec5-b0586302a828  |t 0 
952 f f |p normal  |a Texas A&M University  |b College Station  |c Sterling C. Evans Library  |d Evans: Library Stacks  |t 0  |e PN1992.8.R43 F67 2014  |h Library of Congress classification  |i unmediated -- volume  |m A14840384425 
998 f f |a PN1992.8.R43 F67 2014  |t 0  |l Evans: Library Stacks